| 000 | 00610nam a22001937a 4500 | ||
|---|---|---|---|
| 005 | 20240521153152.0 | ||
| 010 | _aENG-140432 | ||
| 020 |
_a9789392038204 _c825.00 |
||
| 035 | _aEN-123964 | ||
| 037 | _bDBAD | ||
| 082 | _a930.1 | ||
| 100 |
_aChilde, V. Gordon _966657 |
||
| 245 |
_aThe Bronze Age/ _cby V. Gordon Childe |
||
| 260 |
_aAssam _bEBH Publishers, an imprint of Eastern Book House _c2022 |
||
| 270 |
_a136, M.L. Nehru Road, Panbazar, Guwahati _bAssam _e781001 |
||
| 300 |
_axii, 258 p. _c23cm, (pb} |
||
| 700 |
_aChilde, V. Gordon _966297 _eAuthor |
||
| 942 |
_2ddc _cEN _h930.1 _mCHI |
||
| 999 |
_c203118 _d203118 |
||